000 00452nam a2200169Ia 4500
005 20250508153918.0
008 008 250505s9999 xx 000 0 eng d
037 _aBooks to be hide in OPAC
040 _aFEDL
_beng
_cFEDL
041 _aeng
_2eng
084 _a790.13, HOB/O
_qFEDL
245 0 _aHobbies weekly: A simple kitchenette
260 _c1944
300 _a207p.
942 _cHB
_h790.13, HOB/O
999 _c1346323
_d1346323